000 01149nac a22002771u 4500
010 _a 2006937090
020 _a0618770917 (hbk. : library ed.)
020 _a9780618770915 (hbk. : library ed.)
082 _a658.45
_bP9476
090 _c4122
_d4122
100 _aPride, William M.
245 1 0 _aBusiness /
_cWilliam M. Pride, Robert J. Hughes, Jack R. Kapoor.
250 _a9th ed.
260 _aBoston :
_bHoughton Mifflin Co.,
_cc2008
300 _a1 v. (various pagings) :
_bill. ;
_c29 cm.
504 _aIncludes bibliographical references and indexes.
650 0 _aIndustrial management
_zUnited States.
650 0 _aBusiness enterprises
_zUnited States.
650 0 _aBusiness.
650 0 _aManagement.
700 1 _aHughes, Robert James,
_d1946-
700 1 _aKapoor, Jack R.,
_d1937-
942 _cBB
_k658.45P9476
999 _c4122
_d4122